| Tag |
First Indicator |
Second Indicator |
Subfields |
| LEADER |
00000cam a2200000Ia 4500 |
| 001 |
in00002107513 |
| 005 |
20151103052241.0 |
| 008 |
040428s2004 caua b 001 0 eng d |
| 019 |
|
|
|a 55103510
|
| 020 |
|
|
|a 078797479X
|
| 020 |
|
|
|a 9780787974794
|
| 035 |
|
|
|a (OCoLC)ocm55038217
|
| 040 |
|
|
|a PZZ
|c PZZ
|d UV$
|d ONU
|d MHH
|d BAKER
|d UtOrBLW
|
| 043 |
|
|
|a n-us---
|
| 049 |
|
|
|a TXAM
|
| 090 |
|
|
|a LC2670.6
|b .A35 2004
|
| 092 |
|
|
|a 378.1982
|b O77a
|
| 245 |
0 |
0 |
|a Addressing the unique needs of Latino American students /
|c Anna M. Ortiz, editor.
|
| 264 |
|
1 |
|a San Francisco :
|b Jossey-Bass,
|c [2004]
|
| 264 |
|
4 |
|c ©2004
|
| 300 |
|
|
|a 102 pages :
|b illustrations ;
|c 23 cm.
|
| 336 |
|
|
|a text
|b txt
|2 rdacontent
|
| 337 |
|
|
|a unmediated
|b n
|2 rdamedia
|
| 338 |
|
|
|a volume
|b nc
|2 rdacarrier
|
| 490 |
1 |
|
|a New directions for student services,
|x 0164-7970 ;
|v no. 105
|
| 500 |
|
|
|a "Spring 2004."
|
| 504 |
|
|
|a Includes bibliographical references and index.
|
| 505 |
0 |
|
|a The diversity among us : Puerto Ricans, Cuban Americans, Caribbean Americans, and Central and South Americans / Vasti Torres -- Latinas : the new Latino majority in college / Kenneth P. González, Jennifer E. Jovel, Carla Stoner -- Hispanic-serving institutions through the eyes of students and administrators / Boualoy Dayton ... [et al.] -- Practical considerations of critical race theory and Latino critical theory for Latino college students / Octavio Villalpando -- Latinos at community colleges / Magadelena Martinez, Edith Fernández -- Creating meaning from intersections of career and cultural identity / Linda S. Gross -- Support programs that work / Liliana Mina ... [et al.] -- Promoting the success of Latino students : a call to action / Anna M. Ortiz.
|
| 650 |
|
0 |
|a Hispanic American college students.
|
| 650 |
|
0 |
|a Hispanic American college students
|x Services for.
|
| 650 |
|
0 |
|a Counseling in higher education.
|
| 700 |
1 |
|
|a Ortiz, Anna Marie,
|d 1963-
|
| 830 |
|
0 |
|a New directions for student services.
|x 0164-7970 ;
|v no. 105.
|
| 994 |
|
|
|a C0
|b TXA
|
| 948 |
|
|
|a cataloged
|b h
|c 2006/5/3
|d c
|e aklinger
|f 10:49:02 am
|
| 999 |
|
|
|a MARS
|
| 999 |
f |
f |
|s 69560754-9eb5-308e-a6be-44db2b415d49
|i ace17018-7c69-3a6e-8c70-9c16d8605e65
|t 0
|
| 952 |
f |
f |
|p normal
|a Texas A&M University
|b College Station
|c Sterling C. Evans Library
|d Evans: Library Stacks
|t 0
|e LC2670.6 .A35 2004
|h Library of Congress classification
|i unmediated -- volume
|m A14834087188
|
| 998 |
f |
f |
|a LC2670.6 .A35 2004
|t 0
|l Evans: Library Stacks
|